Природа и жители Центральной Азии и ее юго-восточной окраины: (Три публичные лекции, прочитанные в Петербурге весной 1895 г. и в ркутске весной 1896 г.); [оттиск статьи]

Dades bibliogràfiques
Autor principal: Обручев В. А. Владимир Афанасьевич
Idioma:rus
Publicat: 1896
Col·lecció:Землеведение
Matèries:
Format: MixedMaterials Llibre
KOHA link:https://koha.lib.tpu.ru/cgi-bin/koha/opac-detail.pl?biblionumber=349920

MARC

LEADER 00000nam0a2200000 4500
001 349920
005 20231102010241.0
035 |a (RuTPU)RU\TPU\retro\3084 
090 |a 349920 
100 |a 20180927d1896 k y0rusy50 ca 
101 0 |a rus 
102 |a RU 
105 |a a z 001zy 
200 1 |a Природа и жители Центральной Азии и ее юго-восточной окраины  |e (Три публичные лекции, прочитанные в Петербурге весной 1895 г. и в ркутске весной 1896 г.)  |e [оттиск статьи]  |f В. А. Обручев 
210 |d 1896 
215 |a 72 с.  |c ил. 
225 1 |a Землеведение  |h Кн. 2 
320 |a Библиогр. в тексте 
606 1 |a Геология  |y Азия  |2 stltpush  |3 (RuTPU)RU\TPU\subj\6112  |9 34071 
610 1 |a горные породы 
610 1 |a климатические факторы 
610 1 |a общественная жизнь 
610 1 |a лесс 
610 1 |a культура 
610 1 |a история 
610 1 |a Китай 
610 1 |a Монголия 
610 1 |a экономика 
610 1 |a быт 
610 1 |a полезные ископаемые 
610 1 |a коллекция В. А. Обручева 
675 |a 55(5)  |v 4 
700 1 |a Обручев  |b В. А.  |c российский геолог  |c профессор Томского технологического института  |c исследователь Сибири, Центральной и Средней Азии  |c географ  |f 1863-1956  |g Владимир Афанасьевич  |2 stltpush  |3 (RuTPU)RU\TPU\pers\996 
801 1 |a RU  |b 63413507  |c 20180927 
801 2 |a RU  |b 63413507  |c 20181226  |g RCR 
942 |c BK